Hodnotenie daňových subjektov v SR a vybraných krajinách EÚ bakalárska práca

Na minha lista:
Detalhes bibliográficos
Autor principal: Bičanová, Daniela
Autor Corporativo: Národohospodárska fakulta EU. Katedra financií
Outros Autores: Šepeľová, Jaroslava, 1993-
Formato: Livro
Idioma:eslovaco
Publicado em: Bratislava 2019
Tags: Adicionar Tag
Sem tags, seja o primeiro a adicionar uma tag!

MARC

LEADER 00000nbm a2200000 4500
001 0256506
005 20191030124144.2
041 0 |a slo 
044 |a SK 
245 1 0 |a Hodnotenie daňových subjektov v SR a vybraných krajinách EÚ  |b bakalárska práca  |c Daniela Bičanová ; školiteľ: Jaroslava Šepeľová 
264 1 |a Bratislava  |c 2019 
300 |a 48 s. 
100 1 |a Bičanová, Daniela 
700 1 |a Šepeľová, Jaroslava, 1993- 
710 2 |a Národohospodárska fakulta EU. Katedra financií